Winter Olympics Hosts by Picture - Statistics

General Stats
  • This quiz has been taken 30 times
  • The average score is 20 of 28
Answer Stats
Picture Hint Answer % Correct
Year: 2026 Milano
90%
Year: 1972 Sapporo
90%
Year: 2006 Torino
90%
Year: 1964 Innsbruck
85%
Year: 1976 Innsbruck
85%
Year: 1998 Nagano
85%
Year: 2002 Salt Lake City
85%
Year: 2022 Beijing
80%
Year: 1994 Lillehammer
80%
Year: 2014 Sochi
80%
Year: 1928 St. Moritz
80%
Year: 1948 St. Moritz
80%
Year: 2010 Vancouver
80%
Year: 1988 Calgary
70%
Year: 1932 Lake Placid
70%
Year: 1980 Lake Placid
70%
Year: 1984 Sarajevo
70%
Year: 1992 Albertville
65%
Year: 2026 Cortina
65%
Year: 1956 Cortina d'Ampezzo
65%
Year: 1968 Grenoble
60%
Year: 1924 Chamonix
55%
Year: 1952 Oslo
55%
Year: 1960 Squaw Valley
55%
Year: 1936 Garmisch-Partenkirchen
50%
Year: 2018 Pyeongchang
50%
Year: 2030 French Alps
45%
Year: 2034 Utah
15%
No matching quizzes found
Score Distribution
Percent of People with Each Score
Percentile by Number Answered
Your Score History
You have not taken this quiz